The Pokémon (Gen V) Quiz has been played 18,836 times (9 today)
| Number |
% Answered |
| 156 (all) | | 13.5% | | 149-155 | | 7% | | 142-148 | | 5.2% | | 135-141 | | 4.2% | | 128-134 | | 3.9% | | 121-127 | | 3.8% | | 114-120 | | 3.8% | | 107-113 | | 3.7% | | 100-106 | | 3.8% | | 93-99 | | 3.5% | | 86-92 | | 3.5% | | 79-85 | | 3.4% | | 72-78 | | 3.3% | | 65-71 | | 3.2% | | 58-64 | | 2.8% | | 51-57 | | 2.9% | | 44-50 | | 2.8% | | 37-43 | | 2.6% | | 30-36 | | 2.9% | | 23-29 | | 3.1% | | 16-22 | | 3.5% | | 9-15 | | 4.4% | | 2-8 | | 7% | | 1-1 | | 1.9% |
|
|
Pokémon (Gen V) Quiz
-
- Created Mar 9, 2011 in Gaming
- Featured Mar 9, 2011
- Game Plays 18,836
Remember, Sporcle is now...
